000 00497cam a2200193ua 4500
020 _c35.00
041 _aeng
_h
082 _a530.1
_bMOR/ ME
100 _aMarse, Philip M .
245 _aMethods of theoretical physics ,Part-l /
_cPhilip M Marse.
_hTextual Documents
250 _a1 /
_b.
260 _aNew York :
_bMcGraw Hill Book Company ,
_c1953.
300 _a997 ; .
365 _a35.00
504 _a
700 1 _aFeshbach, Herman .
942 _cBK
999 _c2228
_d2228